Personnages de Kingdom - Statistiques

Statistiques générales
  • Ce quiz a été pris 123 fois
    121 depuis la dernière actualisation
  • Le résultat moyen est 26 sur 75
Statistiques - réponses
Hint Réponse % Correct
31ème Roi du Royaume de QinAmi du personnage principal Ei Sei
84%
Lieutenante de l'Unité Hi ShinAncienne assassin Ancienne membre du Clan Shiyuu Kyou Kai
82%
Ancien Grand Général du Royaume de QinAncien Duc du Royaume de Qin Duc Hyou
80%
Chef de l'administration et juriste du Royaume de QinAncien pilier de l'ex Chancelier de l'Etat Ri Shi
80%
Chef de l'Unité Gaku KaGénéral du Royaume de Qin Fils d'un membre des Six Grands Généraux du Royaume de Qin Petit fils de Haku Rou Mou Ten
69%
Ancien Grand Général du Royaume de QinMembre des Six Grand Généraux de l'ancienne époque du Royaume de Qin Ancien propriétaire de l'arme du personnage principal Celui qui a nommé l'Unité Hi Shin "L'Oiseau Monstrueux de Qin" Ou Ki
69%
Chef de l'Unité Gyoku HouGénéral du Royaume de Qin Fils d'un membre des Six Grands Généraux du Royaume de Qin Ou Hon
67%
Personnage PrincipalChef de l'Unité Hi Shin Général du Royaume de Qin Ami du Roi du Royaume de Qin Ri Shin
67%
Stratège de l'Unité Hi ShinMembre de la Tribu des Montagnes Ka Ryo Ten
65%
Grand Général du Royaume de QinMembre des Six Grands Généraux du Royaume de Qin (3ème Grand) Chef de la branche principale de la famille Ou Ancien Vice-Général de l'Armée de Haku Rou Ou Sen
65%
Membre des Six Grands Généraux du Royaume de Qin (4ème Grand)Chef de la Confédération des Tribus des Montagnes Xirong
Roi des Montagnes "Seigneur de la Mort" Ami du personnage principal et du Roi de QIn
Yo Tan Wa
65%
Grand Général du Royaume de QinAncien membre des Six Grands Généraux du Royaume de Qin (2ème Grand) Ancien bras droit du précédent Tou
60%
Membre des Trois Grands Cieux du Royaume de ZhaoCommandant en Chef de l'Armée du Royaume de Zhao Grand Général du Royaume de Zhao Auteur de la Coalition Ancien premier ministre du Royaume de Zhao Ri Boku
59%
Ancien Grand Général du Royaume de QinAncien membre des Six Grands Généraux du Royaume de Qin (5ème Grand) "Le Décapiteur" Ancien Vice-Général de l'Armée de Haku Rou Ancien Chef de Bandits Kan Ki
58%
Membre de l'Unité Hi ShinMembre de l'unité de la précédente Soeur adoptive de la précédente Kyou Rei
56%
Grand Général du Royaume de QinMembre des Six Grands Généraux du Royaume de Qin (1er Grand) Chef de la famille Mou Fils de Haku Rou Ancien pilier de l'ex Chancelier de l'Etat Mou Bu
56%
Ancien Chancelier de l'Etat du Royaume de QinAncien Chancelier de la droite du Royaume de Qin
Ancien homme marchand
Ryo Fui
56%
Demi-frère du précédent Sei Kyou
56%
Général du Royaume de QinCommandant de l'Armée de Cavalerie Ami du personnage principal et du Roi de Qin Heki
53%
Chef des Affaires MilitairesChancelier de la Droite du Royaume de Qin Ancien pilier de l'ex Chancelier de l'Etat Shou Hei Kun
52%
Ancien Grand Général du Royaume de QinAncien chef de la famille Mou Père d'un membre des Six Grand Généraux du Royaume de Qin "Haku Rou" Mou Gou
51%
Main droite de la précédenteCommandant de l'Armée Cavalière des tribus des montagnes "Lame du Roi de la Montagne" Bajio
46%
Ancien Grand Général du Royaume de Zhao Ancien membre des Trois Grands Cieux du Royaume de Zhao"Bushin" Hou Ken
45%
Commandant Militaire de 300 hommes du Royaume de Qin Vétéran de l'Unité Hi Shin Frère du prochain Bi Hei
40%
Grand Général du Royaume de Chu Ancien membre des Trois Grands Cieux de Royaume de Zhao Exilé du Royaume de Wei Ren Pa
40%
Chancelier de la gauche du Royaume de QIn Shou Bun Kun
39%
Frère adoptif du précédentDoublure du Roi du Royaume de Qin Ri Hyou
38%
Fils du précédentPetit fils de Haku Rou Stratège de l'armée du précédent Mou Ki
36%
Ancien Général du Royaume de QinAncien Commandant de la 1ère Division de l'armée du précédent A Kou
33%
Général du Royaume de Zhao"Démon de Ganmon" Membre de l'armée du précédent Ba Nan Ji
33%
Ancien membre de l'Unité Hi ShinFrère du précédent Bi Tou
33%
Ancien Commandant de la même armée que la précédenteAncien Conseiller Secret du "Décapiteur" Ancien Chef de Bandits Ma Ron
33%
Commandant de l'Unité Hi Shin Commandant de l'Unité Hi Hyou RougeAncien membre de l'armée du précédent Ga Ro
32%
Premier Ministre du Royaume de ChuGrande Générale du Royaume de Chu Commandante en second de l'Armée du Royaume de Chu Ka Rin
32%
Chef de la Tribu MeraCommandante de l'Armée de la Montagne Soeur du prochain Kitari
32%
Mère du Roi du Royaume de QinChef de la Faction du Harem Royal Anciennement l'amant de l'ex Chancelier de l'Etat Bi Ki
31%
1er Lieutenant (Chronologique) de l'Unité Hi ShinCommandant Militaire de 5000 hommes du Royaume de Qin
Ancien agent de liason entre Kanyou et le personnage principal
En
31%
Ancien Général du Royaume de QinBras droit du précédent Ancien Commandant Général de l'armée du précédent Ancien Chef de Bandits Rai Do
31%
Général du Royaume de QinBras droit du précédent 1er Commandant de l'armée du précédent Roku O Mi
31%
Ancien Chef de la Tribu MeraAncien Commandant de l'Armée de la Montagne Frère de la précédente Katari
29%
Ancien Général du Royaume de QinAncien Commandant de la 2ème Division de la même armée que le précédent Ma Kou
29%
Ancien Général du Royaume de QinAncien Commandant de la 2ème Division de la même armée que le précédent Ancien Commandant de la 3ème Division de la même armée que le précédent Den Ri Mi
28%
Membre de l'Armée du Commandant en Chef de l'Armée du Royaume de ZhaoCommandante de la Garde du Corps de la Cavalerie Kaine
28%
Grand Général de l'Armée du Royaume de ZhaoMembre des Trois Grands Cieux du Royaume de Zhao Le "Seigneur de Seika" Shi Ba Shou
28%
Grand Général de l'Armée du Royaume de WeiMembre de la 2ème Génération des Sept Dragons de Feu Go Hou Mei
27%
Général du Royaume de ZhaoMembre de l'Armée du Commandant en Chef de l'Armée du Royaume de Zhao Commandant de la Garde du Corps de la Cavalerie Fu Tei
26%
Membre de l'Unité Hi ShinCommandant Militaire de 5000 hommes du Royaume de Qin So Sui
26%
Ancien membre des Quatre Rois Célestes comme le précédentAncien Général du Royaume de Wei Rin Ko
22%
Ancien Général du Royaume de ZhaoAncien bras droit du Commandant en Chef de l'Armée du Royaume de Zhao Le "Chasseur Silencieux" Kei Sha
21%
Ancien Commandant Militaire de 1000 hommes du Royaume de QinAncien membre de l'Unité Hi Shin Ancien membre de l'armée du "Décapiteur" Ancien Chef de Bandits Na Ki
21%
Général du Royaume de Zhao"L'Orphelin du Nord" Membre de l'Armée du Commandant en Chef de l'Armée du Royaume de Zhao Shun Sui Ju
21%
Bras gauche du Roi de la MontagneCommandant de l'Armée de la Montagne Tajifu
21%
Général du Royaume de Qin3ème Commandant de la même armée que le précédent Kan Ou
19%
Ancien Commandant Militaire de 100 hommes du Royaume de Qin Ancien commandant adjoint d'infanterie de l'Unité Hi Shin Shou Sa
19%
Grand Général du Royaume de WeiMembre de la 1ère Génération des Sept Dragons de Feu Gai Mou
18%
Général du Royaume de QinCommandant de la 4ème Division de la même armée que le précédent Sou'Ou
18%
Général du Royaume de QinCommandant de l'Unité Gyoku Hou Ancien membre de l'Armée du Chef de la famille Ou A Ka Kin
16%
Ancien Commandant de l'Unité Hi ShinAncien Commandant de l'Unité Black Hi Hyou Ancien membre de la même armée que le précédent Gaku Rai
16%
Ancien Premier Ministre du Royaume de ChuAncien Chefs des Affaires Militaires du Royaume de Chu Ancien membre des Quatre Seigneurs des Royaumes Combattants Shun Shin Kun
16%
Commandant Militaire de 3000 hommes du Royaume de Qin Commandant d'Infanterie de l'Unité Hi Shin Suu Gen
16%
Premier Ministre du Royaume de Chu Ri En
14%
Commandant Militaire de 2000 hommes du Royaume de QinCommandant Vétéran de l'Unité Hi Shin Den Yuu
13%
Général du Royaume de ChuMembres des Dix Arcs de Chine Ancien membre de l'armée du précédent Haku Rei
12%
Grand Général du Royaume de Chu 1er Commandant de l'Armée du Royaume de Chu Le "Tigre de Chu" Kou En
12%
Général du Royaume de Chu "Le Tonerre" Ancien membre de la même armée que le précédent Kou Yoku
11%
Général du Royaume de ChuMembre des Quatre Rois Célestes comme le précédent Membre des Dix Arcs de Chine Kyou En
11%
Ancienne Générale du Royaume de QinAncienne Commandante Générale de la même armée que le précédent Ancienne Chef de Bandits Koku'Ou
9%
Ancien Grand Général du Royaume de WeiAncien membre des Sept Dragons de Feu Shi Ei
9%
Commandant Militaire de 100 hommes du Royaume de Qin Membre de la Division du Tir à l'Arc de l'Unité Hi Shin Frère du prochain Sou Jin
9%
Commandant Militaire de 50 hommes du Royaume de Qin Membre de la Division du Tir à l'Arc de l'Unité Hi Shin Frère du précédent Sou Tan
9%
Ancien Général du Royaume de Chu Rin Bu Kun
8%
Général du Royaume de Qin2ème Commandant de la même armée que le précédent Ryuu Koku
8%
Ancien Général du Royaume de QinAncien Adjudant Général du Décapiteur Ancien Chef de Bandits Rin Gyoku
7%
Commandant Militaire de 1000 hommes du Royaume de Qin Commandant Vétéran de l'Unité Hi Shin Ryuu Sen
7%
Général du Royaume de ChuMembre des Quatre Rois Célestes du précédent Kai Shi Bou
6%
Aucun quiz correspondant
Distribution des résultats
% des personnes avec chaque résultat
Percentile par nombre de réponses
Votre historique - résultats
Vous n’avez pas pris ce quiz depuis la dernière actualisation